00729nam a22001935i 4500001000700000003000900007005001700016008004100033100003800074245007000112250001200182260006000194300002700254610003700281650004600318651005200364752003100416852008800447158528ES-MaACL20250830103045.0040831s1886 xxk |||| | eng d1 aMaine, Henry Sumner (d1822-1888)10aPopular Government : bfour essays / cby Sir Henry Sumner Maine. a2th ed. aLondon : bJohn Murray, c1886 (fSpottiswoode and Co.) aXII, 261 p. ; c23 cm.17aEstados Unidos. tConstitution2 4aGobierno representativo-zEstados Unidos. 4aEstados Unidos-xPolítica y gobierno-yS.XIX. aGran Bretaña - cLondres aES-MaACLjG-11955 z- Enc. tela z- Enc. al final 32 p. de publicidad editorial